| 000 | 01047cam a22002775a 4500 | ||
|---|---|---|---|
| 001 | 14882888 | ||
| 005 | 20170329110843.0 | ||
| 008 | 070607r20112008enk frb 001 0 eng d | ||
| 020 | _a9781412902625 | ||
| 040 |
_aUKM _cUKM _dYDXCP _dBAKER _dBTCTA _dBWKUK _dNLGGC _dBWK _dDLC _dEG-ScBUE _beng |
||
| 082 | 0 | 4 |
_222 _a302.23 _bOAT |
| 100 | 1 | _aOates, Sarah. | |
| 245 | 1 | 0 |
_aIntroduction to media and politics / _cSarah Oates. |
| 250 | _aReprint ed. | ||
| 260 |
_aLondon : _bSAGE Publication, _c2011. |
||
| 300 |
_aix, 230 p. ; _c24 cm. |
||
| 500 | _aReprinted of 2008 ed. | ||
| 504 | _aIncludes bibliographical references and index. | ||
| 650 | 7 |
_aMass media policy. _2BUEsh |
|
| 650 | 7 |
_aMass media _xPolitical aspects. _2BUEsh _928561 |
|
| 653 |
_bCOMAME _cMarch2017 |
||
| 856 | 4 | 1 |
_3Table of contents only _uhttp://www.loc.gov/catdir/toc/fy0805/2007930355.html |
| 906 |
_a7 _bcbc _ccopycat _d2 _encip _f20 _gy-gencatlg |
||
| 942 | _2ddc | ||
| 999 |
_c24562 _d24534 |
||